00585nam a2200157Ia 4500008004100000020001800041084002300059100001100082245007400093260003200167300002100199650006900220942000700289999001700296952011400313220326s9999||||xx |||||||||||||| ||und|| a979-518-056-1 a10126 ANO Gov Bo.1 aAnonim 0aPokok-Pokok Pemerintahan di Daerah, Proses Pembuatan UU No.5 th. 1974 aJakartabRineka Ciptac1991 axv + 416 halaman aGovernment (Pemerintahan)eG-O-VyProses Pembuatan Undang-Undang cBK c12692d12692 00104070aPINLbPINL cSHELFd2022-03-26g10.00l0o10126 ANO Gov Bo.1p1012601r2022-03-26w2022-03-26yBK